000 01234cam a2200205 4500500
005 20260222003249.0
041 _afre
042 _adc
100 1 0 _aRoux, Pierre
_eauthor
245 0 0 _aDiriger en ehpad
260 _c2013.
500 _a29
520 _aDiriger un établissement d’accueil pour personnes âgées, c’est faire face à une complexité humaine accrue mais aussi à l’inflation des complications techniques. Faire agir et interagir de l’humain (personnels, partenaires, bénévoles), pour accompagner dignement des humains, parmi d’autres humains (leurs proches et plus largement leurs semblables). Ces complexités s’affirment d’autant plus que les personnes accueillies et leur entourage sont fragilisés. Pour ce faire, nous avons décidé de mutualiser nos services techniques transversaux entre plusieurs établissements, ce qui, il faut bien le dire, relève également de l’aventure humaine !
690 _aaccompagner dignement
690 _aaventure humaine
690 _acomplexité humaine
690 _amutualiser
786 0 _nEmpan | 91 | 3 | 2013-09-01 | p. 62-72 | 1152-3336
856 4 1 _uhttps://shs.cairn.info/revue-empan-2013-3-page-62?lang=fr&redirect-ssocas=7080
999 _c1667338
_d1667339